General Knowledge by Letter -- 'S' - Statistics

General Stats
  • This quiz has been taken 129 times
  • The average score is 6 of 20
Answer Stats
Hint Answer % Correct
What chemical element has the symbol Ag? Silver
91%
What activity, which is now a sport, is thought to have originated in Hawaii around 400AD? Surfing
70%
Currently numbering 135, which armed force and honour guard unit acts as personal bodyguard to the Pope? Swiss Guard
63%
What 1990's sitcom gave us 'double-dipping', 'yada yada', 'serenity now' and pretzels that made us thirsty? Seinfeld
56%
What town was the starting point for a landmark 1965 American civil rights march led by Martin Luther King, Jr., which ended in Montgomery, Alabama. Selma
42%
What is the capital of Fiji? Suva
41%
Who, in 2013, leaked classified documents revealing global surveillance programs run by the NSA and the Five Eyes intelligence alliance? Edward Snowden
38%
What Norwegian archipelago is home to the most northerly permanently settled place in the world? Svalbard
29%
With an area of 443,065 km², what is the largest island in the world beginning with 'S'? Sumatra
28%
Dresden is the capital of which German state? Saxony
26%
What word is used to describe an unplanned, yet fortunate incident or discovery? Serendipity
26%
What psychedelic soul/funk band had a hit in 1968 with the song "Everyday People"? Sly and the Family Stone
15%
Only two players from Oceania have ever won the US Masters Golf Tournament, one in 2013 and one in 2000. Who are they? Vijay Singh
11%
Only two players from Oceania have ever won the US Masters Golf Tournament, one in 2013 and one in 2000. Who are they? Adam Scott
9%
Which cyclist is the only person to win the Green Jersey points classification in the Tour de France 7 times? Peter Sagan
7%
Who led the First Bulgarian Empire from 893 to 927 and oversaw Bulgaria's greatest ever territorial expansion? Simeon I the Great
6%
Who is the highest ever goalscorer in women's international football(soccer)? Christine Sinclair
5%
What is the United Kingdom's top ranked art and design educational institution? Slade School of Fine Art
5%
What ancient Iranian civilization, centered on the Uzbek city of Samarkand and between the Amu Darya and the Syr Darya rivers, existed between the 6th century BC and the 11th century AD? Sogdiana
3%
What is the name of the Dutch search engine company that promotes net neutrality and user privacy? Startpage
3%
No matching quizzes found
Score Distribution
Percent of People with Each Score
Percentile by Number Answered
Your Score History
You have not taken this quiz